LEADER 03932nam 22006615 450 001 9910254236003321 005 20200705143631.0 010 $a3-319-31925-6 024 7 $a10.1007/978-3-319-31925-4 035 $a(CKB)3710000000685967 035 $a(EBL)4530176 035 $a(DE-He213)978-3-319-31925-4 035 $a(MiAaPQ)EBC4530176 035 $a(PPN)194077500 035 $a(EXLCZ)993710000000685967 100 $a20160519d2016 u| 0 101 0 $aeng 135 $aur|n|---||||| 181 $ctxt$2rdacontent 182 $cc$2rdamedia 183 $acr$2rdacarrier 200 10$aAdvanced Finite Element Technologies /$fedited by Jörg Schröder, Peter Wriggers 205 $a1st ed. 2016. 210 1$aCham :$cSpringer International Publishing :$cImprint: Springer,$d2016. 215 $a1 online resource (239 p.) 225 1 $aCISM International Centre for Mechanical Sciences, Courses and Lectures,$x0254-1971 ;$v566 300 $aDescription based upon print version of record. 311 $a3-319-31923-X 320 $aIncludes bibliographical references at the end of each chapters. 327 $aLeast-squares mixed finite elements for hyperelasticity -- Discretization methods for solids undergoing finite deformations -- On the use of anisotropic triangles with mixed finite elements: application to an "immersed" boundary with the incompressible Stokes problem -- Stress-based finite element methods in linear and nonlinear solid mechanics -- Topics of mathematical fundamentals, mixed methods in elasticity, and plasticity -- Discontinuous Galerkin methods ND reduced order models. 330 $aThe book presents an overview of the state of research of advanced finite element technologies. Besides the mathematical analysis, the finite element development and their engineering applications are shown to the reader. The authors give a survey of the methods and technologies concerning efficiency, robustness and performance aspects. The book covers the topics of mathematical foundations for variational approaches and the mathematical understanding of the analytical requirements of modern finite element methods. Special attention is paid to finite deformations, adaptive strategies, incompressible, isotropic or anisotropic material behavior and the mathematical and numerical treatment of the well-known locking phenomenon. Beyond that new results for the introduced approaches are presented especially for challenging nonlinear problems. 410 0$aCISM International Centre for Mechanical Sciences, Courses and Lectures,$x0254-1971 ;$v566 606 $aComputer science$xMathematics 606 $aApplied mathematics 606 $aEngineering mathematics 606 $aMechanics 606 $aMechanics, Applied 606 $aComputational Mathematics and Numerical Analysis$3https://scigraph.springernature.com/ontologies/product-market-codes/M1400X 606 $aMathematical and Computational Engineering$3https://scigraph.springernature.com/ontologies/product-market-codes/T11006 606 $aTheoretical and Applied Mechanics$3https://scigraph.springernature.com/ontologies/product-market-codes/T15001 615 0$aComputer science$xMathematics. 615 0$aApplied mathematics. 615 0$aEngineering mathematics. 615 0$aMechanics. 615 0$aMechanics, Applied. 615 14$aComputational Mathematics and Numerical Analysis. 615 24$aMathematical and Computational Engineering. 615 24$aTheoretical and Applied Mechanics. 676 $a620.00151535 702 $aSchröder$b Jörg$4edt$4http://id.loc.gov/vocabulary/relators/edt 702 $aWriggers$b Peter$4edt$4http://id.loc.gov/vocabulary/relators/edt 801 0$bMiAaPQ 801 1$bMiAaPQ 801 2$bMiAaPQ 906 $aBOOK 912 $a9910254236003321 996 $aAdvanced Finite Element Technologies$91539986 997 $aUNINA LEADER 04870nam 22006855 450 001 9911015866103321 005 20260216115325.0 010 $a3-031-90546-6 024 7 $a10.1007/978-3-031-90546-9 035 $a(MiAaPQ)EBC32205763 035 $a(Au-PeEL)EBL32205763 035 $a(CKB)39622841900041 035 $a(DE-He213)978-3-031-90546-9 035 $a(OCoLC)1528187571 035 $a(EXLCZ)9939622841900041 100 $a20250709d2025 u| 0 101 0 $aeng 135 $aurcnu|||||||| 181 $ctxt$2rdacontent 182 $cc$2rdamedia 183 $acr$2rdacarrier 200 10$aComputing Technologies and Applied Mathematics $eCTAM 2024, Komsomolsk-na-Amure, Russia, October 07-11, 2024 /$fedited by Arthur Gibadullin, Sergey Gordin 205 $a1st ed. 2025. 210 1$aCham :$cSpringer Nature Switzerland :$cImprint: Springer,$d2025. 215 $a1 online resource (251 pages) 225 1 $aSpringer Proceedings in Mathematics & Statistics,$x2194-1017 ;$v500 311 08$a3-031-90545-8 327 $aPreface -- Information-Mathematical Support of Digital Twin of Stand-Alone Hybrid Energy System -- Quadratic Programming in a Model of Resource Distribution in Agriculture Based on Quantum Approximate Optimization Algorithm -- The Detection of a Jump-like Gaussian Random Disturbance When Appearance Time and Dispersion is Unknown -- Mathematical Analysis of Disturbing Forces in the Air Gap of an Asynchronous Motor Using Finite Element Modeling -- Information-Analytical System for Fractal and Neural Network Diagnostics of Computed Tomography Images of the Lungs -- Optimizing Resources in Information and Telecommunication Systems on the Base of Mathematical Simulation -- Application of Quantum Swarm Algorithm in Global Optimization -- Genetic Algorithm for Sequential Optimization of Data Sampling for Construction Surrogate Models -- Beltrami-Mitchell Equations for the Case of Incompatible Deformations -- Optimization of Cargo Delivery Route to Nearby Cities -- Refinement of Variable Order Fractional Derivative of Gerasimov-Caputo Type by Multidimensional Levenberg-Marquardt Optimization Method -- Computational Approach to Modeling Nutrient-Dependent Growth of Bacterial Patterns with Time Delay Effect -- A Combined Approach to the Classification and Se-Mantic Segmentation of Production Tools Through the use of the One-Shot Learning Method -- The Kolmogorov-Smirnov Mathematical Test for Vectors of the Digital Twin of an Enterprise. 330 $aThis proceedings volume convenes revised, selected works presented at the 3rd International Seminar on Computing Technologies and Applied Mathematics (CTAM2024), held at Komsomolsk-na-Amure State University, Russia, from October 7 to 11, 2024. The seminar brought together a diverse group of international experts and young scientists from Germany, China, South Korea, Uzbekistan, and Russia to exchange the latest results and original ideas on the use of computing technologies and applied mathematics tools in both fundamental and applied research. Topics covered in this volume include the development of theoretical foundations, methods, and algorithms for implementing mathematical and computational models. The subjects ranged from health to logistics, with many devoted to algorithm optimization. Industrial applications are also covered, with studies of digital twins and quantum and evolutionary algorithms. By bridging academia and industry, this volume can benefit graduate students, experienced researchers, and industry practitioners alike, fostering both practical implementations in real-world scenarios and innovative avenues of applied research. . 410 0$aSpringer Proceedings in Mathematics & Statistics,$x2194-1017 ;$v500 606 $aMathematics$xData processing 606 $aAlgorithms 606 $aMathematical optimization 606 $aComputational Mathematics and Numerical Analysis 606 $aAlgorithms 606 $aDiscrete Optimization 606 $aMatemàtica discreta$2thub 606 $aAlgorismes$2thub 606 $aOptimització matemàtica$2thub 608 $aCongressos$2thub 608 $aLlibres electrònics$2thub 615 0$aMathematics$xData processing. 615 0$aAlgorithms. 615 0$aMathematical optimization. 615 14$aComputational Mathematics and Numerical Analysis. 615 24$aAlgorithms. 615 24$aDiscrete Optimization. 615 7$aMatemàtica discreta 615 7$aAlgorismes 615 7$aOptimització matemàtica 676 $a518 700 $aGibadullin$b Arthur$01733796 701 $aGordin$b Sergey$01833410 801 0$bMiAaPQ 801 1$bMiAaPQ 801 2$bMiAaPQ 906 $aBOOK 912 $a9911015866103321 996 $aComputing Technologies and Applied Mathematics$94408330 997 $aUNINA